On the conceptual and logical foundations of the general theory of Human Organizations <a> cybernetic approach
Uložené v:
| Hlavný autor: | |
|---|---|
| Médium: | Kniha |
| Jazyk: | English |
| Vydavateľské údaje: |
Helsinky
School of economics
1980
|
| Edícia: | Acta Academiae Oeconomicae Helsingiensis
34 |
| Tagy: |
Žiadne tagy, Buďte prvý, kto otaguje tento záznam!
|
MARC
| LEADER | 00000nam a2200000 4500 | ||
|---|---|---|---|
| 001 | c142680 | ||
| 005 | 20250606105154.4 | ||
| 041 | 0 | |a eng | |
| 044 | |a FI | ||
| 245 | 1 | 0 | |a On the conceptual and logical foundations of the general theory of Human Organizations |b <a> cybernetic approach |c S. Korolainen |
| 264 | 1 | |a Helsinky |b School of economics |c 1980 | |
| 300 | |a 154 s. | ||
| 490 | 1 | |a Acta Academiae Oeconomicae Helsingiensis |v 34 | |
| 830 | 0 | |a Acta Academiae Oeconomicae Helsingiensis |v 34 | |
| 100 | 1 | |a Korolainen, S. | |